000 00819nam a2200229Ii 4500
003 JO-AjNU
008 230605s9999||||xx |||||||||||||| ||und||
017 _a2012/21371
020 _a978-977-6223-47-9
040 _aJO-AjNU
_bara
_erda
_cJO-AjNU
041 _aara
050 1 4 _aJX1245.2013
100 3 _aالبهجي، إيناس محمد، المصرى ، يوسف ,
_eauthor
_944395
245 0 0 _aالقانون الدولي العام وعلاقته بالشريعة الإسلامية
250 _aط1
264 3 1 _aالقاهرة : المركز القومي للاصدارات القانونية ، 2013
300 _a368ص
336 _atext
_btxt
_2rdacontent
337 _aunmediated
_bn
_2rdamedia
338 _avolume
_bnc
_2rdacarrier
650 4 _aالقانون الدولي العام 
_944396
999 _aA19166
_c22734
_d22734